1392 1018 1097 1812 1213 1260 1581 1226 1012 1409 1728 1625 1387 1050 1078 1910 1694 1994 1207 1873 1946 1321 1623 1252 1680 1653 1967 1969 1766 1925 1181 1315 1762 1667 1113 1389 1672 1586 1257 1931 1500 1343 1863 1821 1332 1472 1579 1389 1095 1309 1595 1268 1408 1563 1692 1601 1077 1659 1257 1568 1224 1103 1828 1144 1549 1132 1151 1412 1254 1224 1467 1138 1771 1485 1276 1617 1092 1304 1213 1844 1902 1906 1376 1613 1291 1577 1663 1303 1512 1460 1841 1289 1798 1854 1041 1772 1674 1997 1996 BCNSPRNW ULIB Ver.6.0+V

เปลี่ยนเป็นภาษาไทย

Change to English
 แสดงรายละเอียดบรรณานุกรม
  กลับหน้าหลัก

Brief Record : Get Marc (ISO 2709) : E-mail record : QR code < ปิดหน้าต่าง
LEADER : 00000nam 2200000uu 4500
001    13399120564
003     ULIB
008    120927s2550||||th 000 0 tha d
020    ^a9789740944683
060 04 ^aWY105^bอ792ก 2550
100 0  ^aอุดมรัตน์ สงวนศิริธรรม
245 00 ^aการพัฒนาวิชาชีพการพยาบาล =^bProfessional nursing development/^cอุดมรัตน์ สงวนศิริธรรม
246 31 ^aProfessional nursing development
250    ^aพิมพ์ครั้งที่ 1
260    ^aเชียงใหม่ :^bมหาวิทยาลัยเชียงใหม่,^c2550
300    ^a307 หน้า
650  7 ^aวิชาชีพการพยาบาล
710 2  ^aมหาวิทยาลัยเชียงใหม่
945    ^p250^l0^i15376
995    ^aวิภา
999    ^aใช้งานได้ทุกระบบ
รายการนี้ยังไม่มีแท็ก
คุณยังไม่ได้ล็อกอิน คุณสามารถมีกิจกรรมร่วมกับเว็บไซต์ได้ แต่ต้องล็อกอินก่อน ::
  ล็อกอิน

รายการสื่อสารสนเทศ

ลำดับที่ ประเภท เลขเรียก/บาร์โค้ด สถานที่ สถานะ
1. วิทยาศาสตร์การแพทย์ และสุขภาพ
วิทยาศาสตร์การแพทย์ และสุขภาพ
WY105 อ792ก 2550  
  Barcode: 15376
ห้องสมุดวิทยาเขตสวรรค์ประชารักษ์
►ส่วนจัดเก็บหนังสือเก่า สปร
บนชั้น
  ขอยืม

รายการใกล้เคียง
    ผู้แต่ง [อุดมรัตน์ สงวนศิริธรรม]

    หัวเรื่อง [วิชาชีพการพยาบาล]

BibComment


ยังไม่เคยถูกคอมเมนท์

คอมเมนท์ทรัพยากรรายการนี้
  คอมเมนท์: การพัฒนาวิชาชีพก..


 Copyright 2026. Bcnsprnw @Library